| 000 -CABECERA |
| fixed length control field |
00842nam a22002417a 4500 |
| 003 - IDENTIFICADOR DEL NÚMERO DE CONTROL |
| control field |
AR-CdUCM |
| 008 - DATOS DE LONGITUD FIJA--INFORMACIÓN GENERAL |
| fixed length control field |
190514b ||||| |||| 00| 0 spa d |
| 020 ## - NÚMERO INTERNACIONAL ESTÁNDAR DEL LIBRO |
| ISBN |
84-7214-175-6 |
| 040 ## - FUENTE DE LA CATALOGACIÓN |
| Agencia/entidad que catalogó originalmente la obra |
MUNICIPALIDAD PROVINCIAL DEL CUSCO |
| Entidad que transcribió la catalogación |
BIBLIOTECA MUNICIPAL DEL CUSCO |
| 082 ## - NÚMERO DE LA CLASIFICACIÓN DECIMAL DEWEY |
| No. de Clasificación |
520 / |
| Notacion interna |
H81 |
| 100 ## - ENTRADA PRINCIPAL--NOMBRE DE PERSONA |
| Nombre Personal |
Hoyle, Fred |
| 245 ## - MENCIÓN DE TÍTULO |
| Título |
Iniciación a ala astronomía / |
| 260 ## - PUBLICACIÓN, DISTRIBUCIÓN, ETC. |
| Lugar de publicación, distribución, etc. |
Madrid : |
| Nombre de la editorial, distribuidor, etc. |
H. Blume, |
| Fecha de publicación, distribución, etc. |
1975. |
| 300 ## - DESCRIPCIÓN FÍSICA |
| Nº de Páginas Extensión |
179 páginas ; |
| Otros detalles físicos |
Ilustraciones, |
| Dimensiones |
24 cm. |
| 505 ## - NOTA DE CONTENIDO CON FORMATO |
| Nota de contenido formateada |
Contenido: La tierra -- Los planetas y el sol -- Los planetas en si mismo -- El sol -- Cometas y otras formas de restos... |
| 650 ## - PUNTO DE ACCESO ADICIONAL DE MATERIA--TÉRMINO DE MATERIA |
| Descriptor |
Astronomía |
| 9 (RLIN) |
20572 |
| 650 ## - PUNTO DE ACCESO ADICIONAL DE MATERIA--TÉRMINO DE MATERIA |
| Descriptor |
Atmósfera |
| 9 (RLIN) |
26110 |
| 650 ## - PUNTO DE ACCESO ADICIONAL DE MATERIA--TÉRMINO DE MATERIA |
| Descriptor |
Universo |
| 9 (RLIN) |
18615 |
| 650 ## - PUNTO DE ACCESO ADICIONAL DE MATERIA--TÉRMINO DE MATERIA |
| Descriptor |
Planetas |
| 9 (RLIN) |
18636 |
| 700 ## - PUNTO DE ACCESO ADICIONAL--NOMBRE DE PERSONA |
| Nombre Personal |
Arche Miralles, Alfredo (traductor) |
| 9 (RLIN) |
39367 |
| 942 ## - ELEMENTOS DE PUNTO DE ACCESO ADICIONAL (KOHA) |
| Fuente de clasificación |
|
| Tipo de item |
Libros-BMC |
| 945 ## - PROCESAMIENTO DE INFORMACIÓN LOCAL (OCLC) |
| Catalogador |
acv |
| AAAA-MM-DD - Fecha de ingreso o modificacion |
2019-05-14 |